Diccionario cubano de términos populares y vulgares /

Saved in:
Bibliographic Details
Main Author: Paz Pérez, Carlos, 1949-
Format: Unknown
Language:Spanish
Published: La Habana, Cuba : Ciencias Sociales, 1996.
Edition:1 edición
Series:(Sociología)
Subjects:
Tags: Add Tag
No Tags, Be the first to tag this record!

MARC

LEADER 000000000a22000000004500
001 007554
020 |a 9590602681 
041 0 |a spa 
082 0 4 |a 467.9   |b P348d Referencia 
100 1 |a Paz Pérez, Carlos, 1949- 
245 1 0 |a Diccionario cubano de términos populares y vulgares /   |c Carlos Paz Pérez. 
250 |a 1 edición 
260 1 |a La Habana, Cuba :   |b Ciencias Sociales,   |c 1996. 
300 |a 197 páginas 
490 1 |a (Sociología) 
650 4 |a ESPAÑOL 
650 4 |a PROVINCIALISMO 
650 4 |a CUBA 
650 4 |a DICCIONARIOS 
999 |c 13549  |d 13549 
942 |c BK  |h 467.9 P348d Referencia  |2 z